| 000 | 00700nam a2200217Ia 4500 | ||
|---|---|---|---|
| 003 | GCL | ||
| 005 | 20240530101955.0 | ||
| 008 | 140319s9999 xx 000 0 ara d | ||
| 040 |
_aGCL / _cGCL |
||
| 082 | 0 | 4 |
_a962.065 _bق/ص ش |
| 100 | 1 | _aصلاح الدين الحديدى | |
| 245 | 1 | 0 |
_aشاهد على حرب 67 / _cصلاح الدين الحديدى |
| 260 |
_aالقاهرة : _bمكتبة مدبولى _c1974 |
||
| 300 |
_a224 ص؛ _c24 سم |
||
| 650 | 0 | 4 | _aالنزاع العربى الاسرائيلى |
| 650 | 0 | 4 | _aالعمليات الحربية |
| 650 | 0 | 4 | _aسيناء |
| 650 | 0 | 4 | _aالقوات المسلحة |
| 650 | 0 | 4 | _aحرب يونيو 1967 - مصر |
| 942 |
_2ddc _cBK |
||
| 999 |
_c29095 _d29095 |
||